|
|
|
|
| LEADER |
02957cam a2200577 i 4500 |
| 001 |
nkc20253682040 |
| 003 |
CZ PrNK |
| 005 |
20251104095901.0 |
| 007 |
ta |
| 008 |
250410s2024 xr af g 000 m cze |
| 015 |
|
|
|a cnb003682040
|
| 020 |
|
|
|a 978-80-907934-8-4
|q (vázáno)
|
| 035 |
|
|
|a (OCoLC)1522999535
|
| 040 |
|
|
|a ABG001
|b cze
|d OLA001
|d ABA001
|e rda
|
| 045 |
|
|
|a x0x1
|
| 072 |
|
7 |
|a 821.162.3
|x Česká literatura
|2 Konspekt
|9 25
|
| 080 |
|
|
|a 821.162.3-1
|2 MRF
|
| 080 |
|
|
|a 821.162.3-32
|2 MRF
|
| 080 |
|
|
|a 821.162.3
|2 MRF
|
| 080 |
|
|
|a (0:82-1)
|2 MRF
|
| 080 |
|
|
|a (0:82-32)
|2 MRF
|
| 080 |
|
|
|a (081.1)
|2 MRF
|
| 100 |
1 |
|
|a Berdych, Kamil,
|d 1885-1914
|7 jk01011781
|4 aut
|
| 245 |
1 |
0 |
|a V srdcích zima nelítostná :
|b (sebrané dílo) /
|c Kamil Berdych ; ilustrace Jakub Janovský
|
| 264 |
|
1 |
|a Ostrava :
|b Spolek Fiducia,
|c 2024
|
| 300 |
|
|
|a 186 stran, 8 nečíslovaných listů obrazových příloh :
|b ilustrace ;
|c 21 cm
|
| 336 |
|
|
|a text
|b txt
|2 rdacontent
|
| 337 |
|
|
|a bez média
|b n
|2 rdamedia
|
| 338 |
|
|
|a svazek
|b nc
|2 rdacarrier
|
| 490 |
1 |
|
|a Trinity ;
|v 2. svazek
|
| 500 |
|
|
|a 300 výtisků
|
| 520 |
2 |
|
|a Sebrané dílo anarchistického básníka Kamila Berdycha (1884-1914), souputníka Františka Gellnera.
|b Kniha vychází u příležitosti 110 let od předčasného úmrtí autora, který zůstal dlouho opomíjeným hlasem české literatury. Berdychův životní příběh, ovlivněný společenským vykořeněním, nemocí i blízkostí dělnického prostředí, se otiskuje v jeho poezii - syrové, ironické, sociálně angažované, ale zároveň melancholické a existenciální. Kniha přináší sebrané dílo včetně materiálů z objevené pozůstalosti, doplňuje původní meziválečnou sbírku bibliofila Kamilla Reslera o nalezené básně, rukopisy i články. Grafická podoba knihy, vycházející z chladného minimalismu, reflektuje temné tóny Berdychova díla, ilustrace Jakuba Janovského podtrhují jeho syrovou poetiku. Nakladatelská anotace. Kráceno.
|
| 600 |
1 |
7 |
|a Berdych, Kamil,
|d 1885-1914
|7 jk01011781
|2 czenas
|
| 648 |
|
7 |
|a 20. století
|7 ch460558
|2 czenas
|
| 650 |
0 |
7 |
|a česká literatura
|7 ph116858
|y 20. století
|2 czenas
|
| 650 |
0 |
9 |
|a Czech literature
|y 20th century
|2 eczenas
|
| 655 |
|
7 |
|a česká poezie
|7 fd133958
|2 czenas
|
| 655 |
|
7 |
|a české povídky
|7 fd133971
|2 czenas
|
| 655 |
|
7 |
|a sebrané spisy
|7 fd133355
|2 czenas
|
| 655 |
|
9 |
|a Czech poetry
|2 eczenas
|
| 655 |
|
9 |
|a Czech short stories
|2 eczenas
|
| 655 |
|
9 |
|a collected works
|2 eczenas
|
| 700 |
1 |
|
|a Janovský, Jakub,
|d 1984-
|7 jo2007409311
|4 ill
|
| 830 |
|
0 |
|a Trinity (Spolek Fiducia)
|0 s
|
| 910 |
2 |
|
|a BOA001
|b 2-1543.439
|
| 928 |
9 |
|
|a Fiducia
|
| 990 |
|
|
|a BK
|
| 995 |
|
|
|a 01
|
| 991 |
|
|
|b 202504
|c NOV
|
| 996 |
7 |
|
|b 2610994851
|c 2-1543.439
|l MZK
|r Sklad / do 1 hodiny
|n 0
|p dar
|w 002003075
|u 000020
|a 1
|e BOA001
|j MZK50
|s A
|
| 996 |
6 |
|
|b 2611001235
|c 2-1543.439
|l MZK
|r Sklad / do 1 hodiny
|n 0
|p p.v.
|w 002003075
|u 000010
|a 1
|e BOA001
|j MZK50
|s P
|